Estar triste não é mau (Registo nº 4280)

Detalhes MARC
000 -Etiqueta do registo
Cabeçalho 00860cam a2200277 4500
005 - Identificador da versão
Campo de controlo 20240904162539.0
010 ## - Número internacional normalizado dos livros (ISBN)
Número (ISBN) 9727514197
021 ## - Número do Depósito Legal
Código do país PT
Número 168189/01
100 ## - Dados gerais de processamento
Dados gerais de processamento 20090119d2001 b y0pory5003 ba
101 1# - Língua de publicação
Língua do texto, banda sonora, etc. Português
Língua do documento no original Inglês
102 ## - Pais de publicação ou produção
País de publicação Portugal
105 ## - Campo de dados codificados: livros
Dados codificados dos livros a z 000yy
106 ## - Campo de dados codificados: material textual
Dados codificados do material textual r
200 1# - Titulo e menção de responsabilidade
Título próprio Estar triste não é mau
Informação de outro título um guia para crianças que sofrem com a perda de alguém
Primeira menção de responsabilidade Michaelene Mundy
Outras menções de responsabilidade il. R. W. Alley
-- trad. Maria do Rosário Pernas
210 ## - Publicação, Distribuição, etc. 
Lugar da edição, distribuição, etc. Lisboa
Nome do editor, distribuidor, etc. Paulinas
Data da publicação, distribuição, etc. D.L. 2001
215 ## - Descrição física 
Indicação específica da natureza do documento e extensão da espécie [32] p.
Outras indicações físicas todo il.
Dimensões 20 cm
225 1# - Colecção 
Título próprio da colecção Auto-ajuda para crianças
Indicação de volume 3
304 ## - Notas relativas a título e menção de responsabilidade 
Texto da nota Tít. orig.: Sad insªt bad
517 1# - Outras variantes do título
Variant Title Sad insªt bad
675 ## - Classificação Decimal Universal (CDU)
Notação 159.94
Edição BN
Língua da edição por
700 #1 - Nome de autor-pessoa física (responsabilidade principal)
Número de registo de entrada de autoridade 0001016
Palavra de ordem Mundy
Outra parte do nome não tomada para palavra de ordem Michaelene
701 #1 - Nome de autor-pessoa física (co-responsabilidade principal)
Palavra de ordem Alley
Outra parte do nome não tomada para palavra de ordem R. W.
Código de função Ilustrador / Técnico de desenho computorizado
702 #1 - Nome de autor-pessoa física (responsabilidade secundária)
Número de registo de entrada de autoridade 0001018
Palavra de ordem Pernas
Outra parte do nome não tomada para palavra de ordem Maria do Rosário
Código de função Tradutor
942 ## - Elementos de entrada adicionados (Koha)
Tipo de item no Koha Livro
Exemplares
Situação do levantamento Origin of item (home branch) (coded) Biblioteca de empréstimo Código de barras Cota Circulation type (not for loan) Tipo de documento Nota do exemplar Damaged status
  Biblioteca Escolar das Vendas Biblioteca Escolar das Vendas BEV1894 1PSI MUN   Livro Sem mensagem